| 000 | 00899nam a22001935i 4500 | ||
|---|---|---|---|
| 001 | 156000 | ||
| 003 | ES-MaACL | ||
| 005 | 20230906210303.0 | ||
| 008 | 041013s1867 sp |||| | spa d | ||
| 040 |
_aCAM _bspa _cCAM |
||
| 110 | 2 |
_aInstituto de Segunda Enseñanza de la Provincia de Badajoz. _9134558 |
|
| 245 | 1 | 0 |
_aMemoria del Instituto de Segunda Enseñanza de la provincia de Badajoz, leida en la solemne apertura del curso académico de 1867 á 1868 / _cpor Valeriano Ordoñez de Adrian. |
| 260 |
_aBadajoz : _bImprenta y Librería de José Santamaría, _c1867. |
||
| 300 |
_a11 p., [3] h. pleg. ; _c20 cm. |
||
| 610 | 2 | 4 |
_aInstituto de Segunda Enseñanza de la Provincia de Badajoz- _xMemorias. _9160839 |
| 700 | 1 | 1 |
_aOrdoñez de Adrian, Valeriano. _9222497 |
| 852 |
_aES-MaACL _jT-707-F-1 _z-- Enc. hol. conservando la cub. original _z-- Enc. en un vol. facticio |
||
| 999 |
_c156000 _d156000 |
||